000
00251 a2200121 4500
000
nam a22 7a 4500
100
_a
Amit Kumar
110
_a
Amit Kumar
245
_a
Test Book
260
_b
Home Library
264
_b
Home Library
942
_c
BK
999
_c
393737
_d
393737